[Event "Bundesliga 9900"]
[Site "Deutschland"]
[Date "2000.01.08"]
[Round "7.5"]
[White "Poldauf, Dirk"]
[Black "Proehl, Holger"]
[Result "0-1"]
[WhiteElo "2459"]
[BlackElo "2389"]
[PlyCount "104"]
[EventDate "1999.10.09"]
[EventType "team"]
[EventRounds "15"]
[EventCountry "GER"]
[SourceTitle "Bundesliga 9900"]
[Source "DeepChess"]
[SourceDate "2005.01.01"]
[SourceVersion "1"]
[SourceVersionDate "2005.01.01"]
[SourceQuality "1"]
[WhiteTeam "SF Neukoelln 03 e.V."]
[BlackTeam "USC Magdeburg"]
[WhiteTeamCountry "GER"]
[BlackTeamCountry "GER"]

1. c4 c5 2. g3 g6 3. Bg2 Bg7 4. Nc3 Nc6 5. a3 b6 6. Nf3 Bb7 7. O-O Nf6 8. Rb1
O-O 9. b4 d6 10. b5 Na5 11. d3 d5 12. cxd5 Nxd5 13. Nxd5 Bxd5 14. Bb2 Rc8 15.
Bxg7 Kxg7 16. Qd2 Qd6 17. Qc3+ Kg8 18. Rfd1 Rfd8 19. e4 Ba8 20. h4 c4 21. e5
Qd5 22. d4 Nb3 23. a4 Qe4 24. Re1 Qf5 25. Rbd1 Bxf3 26. Bxf3 Nxd4 27. Rxd4 Rxd4
28. Qxd4 Qxf3 29. Qd7 Qf5 30. e6 Qc5 31. exf7+ Kxf7 32. Qe6+ Kg7 33. Re5 Qc7
34. h5 Rf8 35. hxg6 hxg6 36. Qxe7+ Qxe7 37. Rxe7+ Rf7 38. Rxf7+ Kxf7 39. Kf1
Ke6 40. Ke2 Kd5 41. Ke3 Kc5 42. f4 Kb4 43. Kd2 Kb3 44. Kc1 Kxa4 45. g4 Kxb5 46.
f5 gxf5 47. g5 f4 48. Kd2 f3 49. g6 f2 50. Ke2 c3 51. g7 c2 52. g8=Q f1=Q+ 0-1

[Event "Bundesliga 9900"]
[Site "Deutschland"]
[Date "2000.01.08"]
[Round "7.6"]
[White "Stolz, Mike"]
[Black "Hellsten, Johan"]
[Result "0-1"]
[WhiteElo "2308"]
[BlackElo "2464"]
[PlyCount "52"]
[EventDate "1999.10.09"]
[EventType "team"]
[EventRounds "15"]
[EventCountry "GER"]
[SourceTitle "Bundesliga 9900"]
[Source "DeepChess"]
[SourceDate "2005.01.01"]
[SourceVersion "1"]
[SourceVersionDate "2005.01.01"]
[SourceQuality "1"]
[WhiteTeam "USC Magdeburg"]
[BlackTeam "SF Neukoelln 03 e.V."]
[WhiteTeamCountry "GER"]
[BlackTeamCountry "GER"]

1. e4 c5 2. c3 Nf6 3. e5 Nd5 4. g3 d6 5. exd6 Qxd6 6. Bg2 Nc6 7. Ne2 g6 8. d4
cxd4 9. Nxd4 Ndb4 10. O-O Nxd4 11. cxd4 Bg7 12. a3 Nc6 13. d5 Nd4 14. Bd2 O-O
15. Bc3 Nf5 16. Bxg7 Kxg7 17. Nc3 Qf6 18. Re1 Nd6 19. Qe2 Re8 20. Nb5 Bg4 21.
Qd3 Rac8 22. Nd4 Rc4 23. Nb5 Rec8 24. Nxa7 Rd4 25. Qe3 Rc2 26. h3 Nc4 0-1

[Event "Bundesliga 9900"]
[Site "Deutschland"]
[Date "2000.01.08"]
[Round "7.7"]
[White "Polzin, Rainer"]
[Black "Markgraf, Alexander"]
[Result "1-0"]
[WhiteElo "2464"]
[BlackElo "2276"]
[PlyCount "117"]
[EventDate "1999.10.09"]
[EventType "team"]
[EventRounds "15"]
[EventCountry "GER"]
[SourceTitle "Bundesliga 9900"]
[Source "DeepChess"]
[SourceDate "2005.01.01"]
[SourceVersion "1"]
[SourceVersionDate "2005.01.01"]
[SourceQuality "1"]
[WhiteTeam "SF Neukoelln 03 e.V."]
[BlackTeam "USC Magdeburg"]
[WhiteTeamCountry "GER"]
[BlackTeamCountry "GER"]

1. e4 g6 2. d4 Bg7 3. Nf3 c6 4. h3 d5 5. Nc3 Nf6 6. e5 Ne4 7. Nxe4 dxe4 8. Ng5
c5 9. d5 Bxe5 10. Nxe4 Qb6 11. c3 Bf5 12. Ng3 Bd7 13. a4 O-O 14. Bc4 e6 15. O-O
exd5 16. Bxd5 Bc6 17. f4 Bg7 18. f5 Bxd5 19. Qxd5 Qc6 20. Qc4 Nd7 21. Bg5 Rae8
22. Rad1 Nb6 23. Qb5 Qxb5 24. axb5 Be5 25. Ne4 Bh2+ 26. Kxh2 Rxe4 27. Rf2 Rfe8
28. Bf6 Re1 29. Rxe1 Rxe1 30. Rd2 Re8 31. b3 h6 32. Kg3 Kf8 33. Kf4 Rc8 34. c4
Ke8 35. Re2+ Kf8 36. Re7 Rb8 37. Rc7 Ke8 38. fxg6 fxg6 39. Rh7 Nd7 40. Bc3 h5
41. Kg5 Kf8 42. Kxg6 Ke8 43. Rxh5 Nf8+ 44. Kf5 Rd8 45. Rh4 Rd3 46. Bg7 Nd7 47.
Ke6 Re3+ 48. Kd6 a6 49. Rh8+ Kf7 50. Kxd7 Kxg7 51. bxa6 bxa6 52. Rb8 Rg3 53.
Kc6 Rxg2 54. Kxc5 Rg3 55. b4 Rxh3 56. Kb6 Rh6+ 57. Kb7 Kf7 58. c5 Ke7 59. c6
1-0

[Event "Bundesliga 9900"]
[Site "Deutschland"]
[Date "2000.01.08"]
[Round "7.8"]
[White "Darnstaedt, Frank"]
[Black "Thiede, Lars"]
[Result "0-1"]
[WhiteElo "2340"]
[BlackElo "2390"]
[PlyCount "116"]
[EventDate "1999.10.09"]
[EventType "team"]
[EventRounds "15"]
[EventCountry "GER"]
[SourceTitle "Bundesliga 9900"]
[Source "DeepChess"]
[SourceDate "2005.01.01"]
[SourceVersion "1"]
[SourceVersionDate "2005.01.01"]
[SourceQuality "1"]
[WhiteTeam "USC Magdeburg"]
[BlackTeam "SF Neukoelln 03 e.V."]
[WhiteTeamCountry "GER"]
[BlackTeamCountry "GER"]

1. Nf3 Nf6 2. g3 g6 3. b3 Bg7 4. Bb2 O-O 5. Bg2 d6 6. d4 e5 7. dxe5 Nfd7 8. O-O
dxe5 9. e4 a5 10. Nc3 Na6 11. Qe2 c6 12. Rfd1 Qe7 13. Qe3 b5 14. a4 b4 15. Nb1
Nac5 16. Nbd2 Ba6 17. Bf1 Bxf1 18. Kxf1 Nb6 19. Qe2 Qe6 20. Ng5 Qe7 21. Ngf3
Qe6 22. Ng5 Qf6 23. Ngf3 Rae8 24. Kg2 Qe6 25. Ng5 Qe7 26. Ngf3 Qe6 27. Ng5 Qe7
28. Ngf3 f5 29. Nc4 Nxc4 30. Qxc4+ Kh8 31. exf5 gxf5 32. Re1 e4 33. Bxg7+ Kxg7
34. Nd4 Rf6 35. Rad1 Kh8 36. Ne2 Ne6 37. Nd4 Nc5 38. Ne2 Ne6 39. Nd4 Ng5 40. h4
Nf7 41. f4 c5 42. Ne2 Nh6 43. Rd5 Ng4 44. Ng1 Rc8 45. Nh3 Qf7 46. Nf2 Nh6 47.
Nh3 Ng4 48. Nf2 Nh6 49. Nh3 Qg8 50. Ng5 Ng4 51. Rd7 Qxc4 52. Rxh7+ Kg8 53. bxc4
Rd6 54. Re2 Rcd8 55. Rc7 Rd2 56. Kf1 Rd1+ 57. Re1 Nh2+ 58. Kf2 R8d2+ 0-1

[Event "Bundesliga 9900"]
[Site "Deutschland"]
[Date "2000.01.08"]
[Round "7.1"]
[White "Holzke, Frank"]
[Black "Jussupow, Artur"]
[Result "1/2-1/2"]
[WhiteElo "2461"]
[BlackElo "2628"]
[PlyCount "32"]
[EventDate "1999.10.09"]
[EventType "team"]
[EventRounds "15"]
[EventCountry "GER"]
[SourceTitle "Bundesliga 9900"]
[Source "DeepChess"]
[SourceDate "2005.01.01"]
[SourceVersion "1"]
[SourceVersionDate "2005.01.01"]
[SourceQuality "1"]
[WhiteTeam "SV Wattenscheid 1930"]
[BlackTeam "SG 1868 Aljech. Solingen"]
[WhiteTeamCountry "GER"]
[BlackTeamCountry "GER"]

1. e4 e5 2. Nf3 Nf6 3. d4 Nxe4 4. Bd3 d5 5. Nxe5 Nc6 6. Nxc6 bxc6 7. O-O Be7 8.
c4 O-O 9. Nc3 Nxc3 10. bxc3 dxc4 11. Bxc4 Bd6 12. Qd3 Rb8 13. h3 c5 14. dxc5
Bxc5 15. Bf4 Qf6 16. Qg3 Bd6 1/2-1/2

[Event "Bundesliga 9900"]
[Site "Deutschland"]
[Date "2000.01.08"]
[Round "7.4"]
[White "Piket, Jeroen"]
[Black "Straeter, Timo"]
[Result "1-0"]
[WhiteElo "2633"]
[BlackElo "2343"]
[PlyCount "109"]
[EventDate "1999.10.09"]
[EventType "team"]
[EventRounds "15"]
[EventCountry "GER"]
[SourceTitle "Bundesliga 9900"]
[Source "DeepChess"]
[SourceDate "2005.01.01"]
[SourceVersion "1"]
[SourceVersionDate "2005.01.01"]
[SourceQuality "1"]
[WhiteTeam "SG 1868 Aljech. Solingen"]
[BlackTeam "SV Wattenscheid 1930"]
[WhiteTeamCountry "GER"]
[BlackTeamCountry "GER"]

1. d4 f5 2. c4 Nf6 3. Nf3 e6 4. Bf4 Be7 5. h3 O-O 6. e3 c6 7. Bd3 d5 8. O-O Bd7
9. Nbd2 Ne4 10. Qb3 Bc8 11. Bxe4 fxe4 12. Ne5 Qb6 13. c5 Qa5 14. Qd1 Nd7 15. f3
Nxe5 16. Bxe5 exf3 17. Rxf3 Rf5 18. Rxf5 exf5 19. Nf3 b6 20. cxb6 axb6 21. a3
Be6 22. Ne1 c5 23. Nd3 c4 24. Nf4 Bf7 25. Nh5 c3 26. Nxg7 cxb2 27. Rb1 Bg6 28.
Rxb2 Qxa3 29. Qf3 f4 30. exf4 Qxf3 31. gxf3 Bf8 32. f5 Bxg7 33. fxg6 hxg6 34.
Rxb6 Bxe5 35. dxe5 Kf7 36. Rf6+ Kg7 37. Rd6 Ra3 38. Kf2 Rd3 39. h4 d4 40. Kg3
Rd1 41. f4 Rd3+ 42. Kg4 Rd1 43. h5 Rg1+ 44. Kf3 gxh5 45. f5 h4 46. f6+ Kg6 47.
Rd7 Rf1+ 48. Ke4 h3 49. Rg7+ Kh5 50. Rh7+ Kg4 51. f7 h2 52. e6 Rf4+ 53. Ke5 Rf2
54. Kxd4 Kg3 55. Ke5 1-0

[Event "Bundesliga 9900"]
[Site "Deutschland"]
[Date "2000.01.08"]
[Round "7.5"]
[White "Franke, Johannes"]
[Black "Kasimdzhanov, Rustam"]
[Result "0-1"]
[WhiteElo "2272"]
[BlackElo "2614"]
[PlyCount "80"]
[EventDate "1999.10.09"]
[EventType "team"]
[EventRounds "15"]
[EventCountry "GER"]
[SourceTitle "Bundesliga 9900"]
[Source "DeepChess"]
[SourceDate "2005.01.01"]
[SourceVersion "1"]
[SourceVersionDate "2005.01.01"]
[SourceQuality "1"]
[WhiteTeam "SV Wattenscheid 1930"]
[BlackTeam "SG 1868 Aljech. Solingen"]
[WhiteTeamCountry "GER"]
[BlackTeamCountry "GER"]

1. e4 g6 2. Nc3 c6 3. d4 d6 4. f4 d5 5. e5 h5 6. Nf3 Bg4 7. h3 Bxf3 8. Qxf3 e6
9. Be3 h4 10. Bf2 Nh6 11. Bd3 Nf5 12. O-O-O Nd7 13. Ne2 b5 14. g4 hxg3 15. Nxg3
Nh4 16. Qg4 Rb8 17. Kb1 c5 18. dxc5 Bxc5 19. Be1 b4 20. Qe2 a5 21. Bb5 Kf8 22.
Ne4 Be7 23. Bxd7 Qxd7 24. Bxh4 Rxh4 25. Nf2 Kg7 26. Qf3 Rbh8 27. Nd3 Bd8 28.
Rdg1 Bb6 29. Rg3 Kf8 30. Rd1 Qb5 31. b3 Bd4 32. Ne1 Bc3 33. Ng2 R4h5 34. Ne3 a4
35. Ng4 Ke7 36. Nf6 Rf5 37. Qf2 Ra8 38. Rxc3 bxc3 39. Qh4 g5 40. fxg5 axb3 0-1

[Event "Bundesliga 9900"]
[Site "Deutschland"]
[Date "2000.01.08"]
[Round "7.6"]
[White "Lobron, Eric"]
[Black "Koehn, Peter"]
[Result "1-0"]
[WhiteElo "2550"]
[BlackElo "2336"]
[PlyCount "85"]
[EventDate "1999.10.09"]
[EventType "team"]
[EventRounds "15"]
[EventCountry "GER"]
[SourceTitle "Bundesliga 9900"]
[Source "DeepChess"]
[SourceDate "2005.01.01"]
[SourceVersion "1"]
[SourceVersionDate "2005.01.01"]
[SourceQuality "1"]
[WhiteTeam "SG 1868 Aljech. Solingen"]
[BlackTeam "SV Wattenscheid 1930"]
[WhiteTeamCountry "GER"]
[BlackTeamCountry "GER"]

1. d4 d5 2. Nf3 c6 3. c4 e6 4. b3 f5 5. g3 Nf6 6. Bg2 Bd6 7. O-O Qe7 8. Bb2 b6
9. Nbd2 O-O 10. Ne5 Bb7 11. Rc1 a5 12. Qc2 Na6 13. Rfd1 Rfc8 14. Qb1 Nb4 15.
Ndf3 Ne4 16. e3 c5 17. dxc5 bxc5 18. a3 Nc6 19. Qc2 Qc7 20. Nd3 a4 21. bxa4 Na5
22. cxd5 Bxd5 23. Nd2 Ng5 24. Bxd5 exd5 25. Nf4 Qf7 26. Qd3 Bxf4 27. exf4 c4
28. Qc3 d4 29. Qxd4 Nb3 30. Qe3 Nxc1 31. Rxc1 Qb7 32. fxg5 Qxb2 33. Nxc4 Qa2
34. h4 Ra6 35. Nb6 Rxc1+ 36. Qxc1 Qe6 37. a5 Rxa5 38. Qc7 Re5 39. Nd7 Re1+ 40.
Kh2 Kf7 41. Ne5+ Ke8 42. Qb8+ Ke7 43. Qb4+ 1-0

[Event "Bundesliga 9900"]
[Site "Deutschland"]
[Date "2000.01.08"]
[Round "7.8"]
[White "Schaefer, Markus"]
[Black "Lauzeningks, Jan"]
[Result "1-0"]
[WhiteElo "2390"]
[BlackElo "2313"]
[PlyCount "93"]
[EventDate "1999.10.09"]
[EventType "team"]
[EventRounds "15"]
[EventCountry "GER"]
[SourceTitle "Bundesliga 9900"]
[Source "DeepChess"]
[SourceDate "2005.01.01"]
[SourceVersion "1"]
[SourceVersionDate "2005.01.01"]
[SourceQuality "1"]
[WhiteTeam "SG 1868 Aljech. Solingen"]
[BlackTeam "SV Wattenscheid 1930"]
[WhiteTeamCountry "GER"]
[BlackTeamCountry "GER"]

1. e4 c5 2. Nf3 e6 3. d4 cxd4 4. Nxd4 Nf6 5. Nc3 d6 6. Be2 Nc6 7. Be3 Be7 8.
O-O O-O 9. f4 Qc7 10. Kh1 Bd7 11. Ndb5 Qb8 12. a4 Rd8 13. Qe1 Nb4 14. Bd3 e5
15. a5 a6 16. Na3 d5 17. exd5 Nbxd5 18. Bd2 Bxa3 19. fxe5 Bc5 20. exf6 Nxf6 21.
Rxf6 gxf6 22. Qh4 Be6 23. Ne4 Bd4 24. Nxf6+ Bxf6 25. Qxf6 Qd6 26. Bc3 Kf8 27.
Re1 Ke8 28. Bf5 Qe7 29. Qe5 Rd5 30. Qh8+ Qf8 31. Bxe6 fxe6 32. Qxh7 Rd7 33.
Qg6+ Qf7 34. Rxe6+ Kd8 35. Qg5+ Kc8 36. Qc5+ Rc7 37. Qe3 Qf1+ 38. Qg1 Qxg1+ 39.
Kxg1 Kd7 40. Re4 Rf8 41. h4 Kc6 42. Rc4+ Kd7 43. Rxc7+ Kxc7 44. h5 Rf5 45. h6
Rh5 46. Bg7 Kd7 47. g4 1-0

[Event "Bundesliga 9900"]
[Site "Deutschland"]
[Date "2000.01.08"]
[Round "7.1"]
[White "Schlosser, Philipp"]
[Black "Khenkin, Igor"]
[Result "1/2-1/2"]
[WhiteElo "2505"]
[BlackElo "2622"]
[PlyCount "85"]
[EventDate "1999.10.09"]
[EventType "team"]
[EventRounds "15"]
[EventCountry "GER"]
[SourceTitle "Bundesliga 9900"]
[Source "DeepChess"]
[SourceDate "2005.01.01"]
[SourceVersion "1"]
[SourceVersionDate "2005.01.01"]
[SourceQuality "1"]
[WhiteTeam "SK Passau 1869"]
[BlackTeam "TV Tegernsee"]
[WhiteTeamCountry "GER"]
[BlackTeamCountry "GER"]

1. c4 e5 2. g3 c6 3. d4 Bb4+ 4. Bd2 Bxd2+ 5. Qxd2 d6 6. Nc3 Nf6 7. Bg2 Qe7 8.
e3 O-O 9. Nge2 Re8 10. h3 h5 11. e4 a6 12. O-O b5 13. b3 Nbd7 14. f4 Bb7 15. a3
Rad8 16. Rad1 bxc4 17. bxc4 a5 18. Qa2 Ba6 19. c5 exd4 20. cxd6 Qxd6 21. Rxd4
Qc5 22. Kh2 Nf8 23. Rxd8 Rxd8 24. e5 Nd5 25. Rf3 Nxc3 26. Nxc3 Qd4 27. Qf2 c5
28. Re3 Bd3 29. Ne2 Bxe2 30. Rxe2 h4 31. g4 Ne6 32. f5 Nf4 33. Qxd4 cxd4 34.
Rf2 Nd3 35. Re2 Nf4 36. Rf2 Nxg2 37. Kxg2 d3 38. Rd2 Rd5 39. e6 fxe6 40. fxe6
Kf8 41. Kf3 Ke7 42. Ke4 Rd6 43. Rxd3 1/2-1/2

[Event "Bundesliga 9900"]
[Site "Deutschland"]
[Date "2000.01.08"]
[Round "7.2"]
[White "Beim, Valery"]
[Black "Ribli, Zoltan"]
[Result "1/2-1/2"]
[WhiteElo "2563"]
[BlackElo "2569"]
[PlyCount "39"]
[EventDate "1999.10.09"]
[EventType "team"]
[EventRounds "15"]
[EventCountry "GER"]
[SourceTitle "Bundesliga 9900"]
[Source "DeepChess"]
[SourceDate "2005.01.01"]
[SourceVersion "1"]
[SourceVersionDate "2005.01.01"]
[SourceQuality "1"]
[WhiteTeam "TV Tegernsee"]
[BlackTeam "SK Passau 1869"]
[WhiteTeamCountry "GER"]
[BlackTeamCountry "GER"]

1. c4 c5 2. Nf3 Nf6 3. Nc3 Nc6 4. e3 e6 5. d4 d5 6. a3 a6 7. dxc5 Bxc5 8. b4
Ba7 9. Bb2 O-O 10. Qc2 Qe7 11. Rd1 Rd8 12. Be2 dxc4 13. Rxd8+ Nxd8 14. Ne4 Nxe4
15. Qxe4 Bd7 16. Bxc4 Rc8 17. O-O Bc6 18. Qg4 f5 19. Qg5 Kf8 20. Bb3 1/2-1/2

[Event "Bundesliga 9900"]
[Site "Deutschland"]
[Date "2000.01.08"]
[Round "7.3"]
[White "Wells, Peter K"]
[Black "Hertneck, Gerald"]
[Result "1/2-1/2"]
[WhiteElo "2483"]
[BlackElo "2571"]
[PlyCount "37"]
[EventDate "1999.10.09"]
[EventType "team"]
[EventRounds "15"]
[EventCountry "GER"]
[SourceTitle "Bundesliga 9900"]
[Source "DeepChess"]
[SourceDate "2005.01.01"]
[SourceVersion "1"]
[SourceVersionDate "2005.01.01"]
[SourceQuality "1"]
[WhiteTeam "SK Passau 1869"]
[BlackTeam "TV Tegernsee"]
[WhiteTeamCountry "GER"]
[BlackTeamCountry "GER"]

1. e4 e6 2. d4 d5 3. Nd2 dxe4 4. Nxe4 Nd7 5. Ne2 Ngf6 6. N2g3 Be7 7. Bd3 Nxe4
8. Nxe4 Nf6 9. Nxf6+ Bxf6 10. c3 Qd5 11. O-O c5 12. Bb5+ Ke7 13. dxc5 Qxc5 14.
a4 Rd8 15. Be3 Qf5 16. Qf3 Kf8 17. Be2 Qxf3 18. Bxf3 Bd7 19. Rfd1 1/2-1/2

[Event "Bundesliga 9900"]
[Site "Deutschland"]
[Date "2000.01.08"]
[Round "7.5"]
[White "Stangl, Markus"]
[Black "Schmittdiel, Eckhard"]
[Result "1/2-1/2"]
[WhiteElo "2488"]
[BlackElo "2490"]
[PlyCount "138"]
[EventDate "1999.10.09"]
[EventType "team"]
[EventRounds "15"]
[EventCountry "GER"]
[SourceTitle "Bundesliga 9900"]
[Source "DeepChess"]
[SourceDate "2005.01.01"]
[SourceVersion "1"]
[SourceVersionDate "2005.01.01"]
[SourceQuality "1"]
[WhiteTeam "SK Passau 1869"]
[BlackTeam "TV Tegernsee"]
[WhiteTeamCountry "GER"]
[BlackTeamCountry "GER"]

1. Nf3 d5 2. c4 e6 3. g3 Nf6 4. Bg2 g6 5. O-O Bg7 6. d4 O-O 7. Qc2 b6 8. Ne5
Bb7 9. Rd1 Qe7 10. Nc3 Rd8 11. Bf4 Na6 12. e4 dxe4 13. Nxe4 Nxe4 14. Bxe4 c5
15. dxc5 Nxc5 16. Bxb7 Qxb7 17. Rxd8+ Rxd8 18. Rd1 Qc8 19. h4 h5 20. b4 Rxd1+
21. Qxd1 Bxe5 22. Bxe5 Nd7 23. Bb2 Qc6 24. b5 Qc7 25. Qd4 Kf8 26. a4 Ke7 27.
Ba3+ Nc5 28. a5 Qd6 29. Qe3 e5 30. Kg2 Kd8 31. Qf3 Qc7 32. Qa8+ Kd7 33. Bxc5
bxc5 34. Qd5+ Kc8 35. Kf3 Qxa5 36. Qxc5+ Qc7 37. Qd5 Kb8 38. Ke4 f5+ 39. Kf3
Qb7 40. Qxb7+ Kxb7 41. c5 a5 42. Ke2 f4 43. gxf4 exf4 44. Kd2 f3 45. Kc2 Kc7
46. Kb2 Kb7 47. Kb3 g5 48. hxg5 h4 49. g6 h3 50. g7 h2 51. g8=Q h1=Q 52. Qd5+
Kc8 53. Qe6+ Kd8 54. Qd6+ Kc8 55. Qf8+ Kd7 56. Qf5+ Kc7 57. Qf4+ Kc8 58. Qf8+
Kd7 59. Qd6+ Kc8 60. c6 Qb1+ 61. Kc3 Qe1+ 62. Qd2 Qe6 63. Qd4 Kc7 64. Kb2 Qe2+
65. Ka3 Qc2 66. Qa7+ Kd6 67. Qd4+ Kc7 68. Qe3 Kd6 69. Qd4+ Kc7 1/2-1/2

[Event "Bundesliga 9900"]
[Site "Deutschland"]
[Date "2000.01.08"]
[Round "7.6"]
[White "Pezerovic, Edin"]
[Black "Renner, Christoph"]
[Result "1-0"]
[WhiteElo "2436"]
[BlackElo "2442"]
[PlyCount "59"]
[EventDate "1999.10.09"]
[EventType "team"]
[EventRounds "15"]
[EventCountry "GER"]
[SourceTitle "Bundesliga 9900"]
[Source "DeepChess"]
[SourceDate "2005.01.01"]
[SourceVersion "1"]
[SourceVersionDate "2005.01.01"]
[SourceQuality "1"]
[WhiteTeam "TV Tegernsee"]
[BlackTeam "SK Passau 1869"]
[WhiteTeamCountry "GER"]
[BlackTeamCountry "GER"]

1. Nf3 c5 2. c3 Nf6 3. d4 Qb6 4. Qb3 d6 5. dxc5 Qxc5 6. Be3 Qc7 7. Na3 Nc6 8.
c4 g6 9. g3 Bg7 10. Bg2 Qa5+ 11. Bd2 Qh5 12. Bc3 O-O 13. Qb5 e5 14. h3 Ne4 15.
Nb1 Be6 16. Nfd2 Nxc3 17. Nxc3 Rfc8 18. e3 a6 19. Qb6 Rab8 20. Nd5 Kh8 21. Ne4
Rd8 22. h4 f5 23. Ng5 Bg8 24. Rd1 Qh6 25. f4 Re8 26. Kf2 exf4 27. gxf4 Nd8 28.
h5 gxh5 29. Nc7 Ne6 30. Rxd6 1-0

[Event "Bundesliga 9900"]
[Site "Deutschland"]
[Date "2000.01.08"]
[Round "7.7"]
[White "Gross, David2"]
[Black "Kachiani Gersinska, Ketino"]
[Result "1/2-1/2"]
[WhiteElo "2465"]
[BlackElo "2437"]
[PlyCount "103"]
[EventDate "1999.10.09"]
[EventType "team"]
[EventRounds "15"]
[EventCountry "GER"]
[SourceTitle "Bundesliga 9900"]
[Source "DeepChess"]
[SourceDate "2005.01.01"]
[SourceVersion "1"]
[SourceVersionDate "2005.01.01"]
[SourceQuality "1"]
[WhiteTeam "SK Passau 1869"]
[BlackTeam "TV Tegernsee"]
[WhiteTeamCountry "GER"]
[BlackTeamCountry "GER"]

1. e4 c6 2. d4 d5 3. exd5 cxd5 4. c4 Nf6 5. Nc3 e6 6. Nf3 Bb4 7. cxd5 Nxd5 8.
Bd2 Nc6 9. Bd3 Be7 10. Nxd5 Qxd5 11. Bc3 O-O 12. O-O Rd8 13. Re1 Qd6 14. a3 Bd7
15. Qc2 h6 16. Rad1 Rac8 17. Bh7+ Kh8 18. Be4 Bf6 19. d5 exd5 20. Rxd5 Qe6 21.
Rxd7 Qxd7 22. Bxf6 Nd4 23. Bxd4 Rxc2 24. Bxc2 Re8 25. Rd1 Qc7 26. Bc3 Kg8 27.
h3 a6 28. a4 b5 29. axb5 axb5 30. Rd4 Ra8 31. g3 Rd8 32. Rb4 Rd5 33. Nd4 Qd7
34. Kg2 Re5 35. Bd3 Rh5 36. g4 Rg5 37. Bxb5 Qd5+ 38. f3 h5 39. Bc4 Qa8 40. Kf2
hxg4 41. hxg4 Rc5 42. Bd3 g6 43. Be4 Qd8 44. Nc6 Qh4+ 45. Ke3 f5 46. gxf5 Qg5+
47. Kd4 Qg1+ 48. Kd3 Qd1+ 49. Ke3 Qg1+ 50. Ke2 Qg2+ 51. Ke3 Qg1+ 52. Ke2
1/2-1/2

[Event "Bundesliga 9900"]
[Site "Deutschland"]
[Date "2000.01.08"]
[Round "7.8"]
[White "Klundt, Klaus"]
[Black "Schmidt, Peter"]
[Result "0-1"]
[WhiteElo "2398"]
[BlackElo "2392"]
[PlyCount "54"]
[EventDate "1999.10.09"]
[EventType "team"]
[EventRounds "15"]
[EventCountry "GER"]
[SourceTitle "Bundesliga 9900"]
[Source "DeepChess"]
[SourceDate "2005.01.01"]
[SourceVersion "1"]
[SourceVersionDate "2005.01.01"]
[SourceQuality "1"]
[WhiteTeam "TV Tegernsee"]
[BlackTeam "SK Passau 1869"]
[WhiteTeamCountry "GER"]
[BlackTeamCountry "GER"]

1. e4 e6 2. d4 d5 3. Nd2 dxe4 4. Nxe4 Bd7 5. Nf3 Bc6 6. Bd3 Nd7 7. Qe2 Ngf6 8.
Bg5 Be7 9. h4 h6 10. Bxf6 Nxf6 11. O-O-O Qd5 12. c4 Qa5 13. d5 Ba4 14. Bc2 Bxc2
15. Kxc2 O-O-O 16. Ne5 exd5 17. Nxf6 Bxf6 18. Nxf7 Qxa2 19. Qg4+ Kb8 20. Nxd8
Qxb2+ 21. Kd3 Rxd8 22. cxd5 Rxd5+ 23. Ke3 Qb3+ 24. Ke2 Qc2+ 25. Ke3 Re5+ 26.
Kf3 Qc3+ 27. Kf4 g5+ 0-1

[Event "Bundesliga 9900"]
[Site "Deutschland"]
[Date "2000.01.29"]
[Round "8.1"]
[White "Dautov, Rustem"]
[Black "Rogers, Ian"]
[Result "0-1"]
[WhiteElo "2602"]
[BlackElo "2562"]
[PlyCount "80"]
[EventDate "1999.10.09"]
[EventType "team"]
[EventRounds "15"]
[EventCountry "GER"]
[SourceTitle "Bundesliga 9900"]
[Source "DeepChess"]
[SourceDate "2005.01.01"]
[SourceVersion "1"]
[SourceVersionDate "2005.01.01"]
[SourceQuality "1"]
[WhiteTeam "Godesberger SK 1929"]
[BlackTeam "Delmenhorster SK 1931"]
[WhiteTeamCountry "GER"]
[BlackTeamCountry "GER"]

1. d4 Nf6 2. Nf3 g6 3. c4 Bg7 4. g3 d5 5. Bg2 dxc4 6. Na3 O-O 7. O-O Nc6 8.
Nxc4 Be6 9. b3 a5 10. Bb2 a4 11. Ng5 Bd5 12. e4 Bxc4 13. bxc4 h6 14. Nh3 e5 15.
d5 a3 16. Bc3 Na5 17. c5 Re8 18. Rc1 b6 19. cxb6 cxb6 20. Bb4 b5 21. Re1 Nc4
22. Bf1 Qd7 23. Kg2 Reb8 24. Ng1 Ne8 25. Nf3 Ned6 26. Bxc4 Nxc4 27. Nd2 h5 28.
Rb1 Rc8 29. Rb3 Ra4 30. Nf3 Bf6 31. h3 Ra7 32. Qe2 Ra4 33. Reb1 Qe8 34. Bc3 Nd6
35. Bb4 Nc4 36. Bc3 Nd6 37. Nd2 Bg5 38. Bb4 Rxb4 39. Rxb4 Rc2 40. f4 exf4 0-1

[Event "Bundesliga 9900"]
[Site "Deutschland"]
[Date "2000.01.29"]
[Round "8.3"]
[White "Kengis, Edvins"]
[Black "Baburin, Alexander"]
[Result "1/2-1/2"]
[WhiteElo "2574"]
[BlackElo "2591"]
[PlyCount "89"]
[EventDate "1999.10.09"]
[EventType "team"]
[EventRounds "15"]
[EventCountry "GER"]
[SourceTitle "Bundesliga 9900"]
[Source "DeepChess"]
[SourceDate "2005.01.01"]
[SourceVersion "1"]
[SourceVersionDate "2005.01.01"]
[SourceQuality "1"]
[WhiteTeam "Godesberger SK 1929"]
[BlackTeam "Delmenhorster SK 1931"]
[WhiteTeamCountry "GER"]
[BlackTeamCountry "GER"]

1. e4 Nf6 2. e5 Nd5 3. d4 d6 4. c4 Nb6 5. exd6 exd6 6. Nc3 Be7 7. h3 O-O 8. Nf3
c5 9. Be2 cxd4 10. Nxd4 d5 11. cxd5 Nxd5 12. O-O Nxc3 13. bxc3 Bc5 14. Rb1 Nc6
15. Nxc6 bxc6 16. Qxd8 Rxd8 17. Bg5 Bf5 18. Bxd8 Bxb1 19. Rxb1 Rxd8 20. Rb7 g6
21. Bc4 Kh8 22. Rxf7 Rf8 23. Kf1 Rxf7 24. Bxf7 Bb6 25. Ke2 Kg7 26. Be8 c5 27.
Kd3 Kf6 28. f4 Bc7 29. Ke4 Ba5 30. c4 Bb4 31. Bb5 a5 32. h4 h6 33. g4 g5 34.
fxg5+ hxg5 35. h5 Kg7 36. Kd5 Kh6 37. Kc6 Kg7 38. Ba4 Kh6 39. Kb5 Kg7 40. Bc2
Kh6 41. Ka4 Bd2 42. Bf5 Kg7 43. Kb3 Kh6 44. Kc2 Bb4 45. Kb2 1/2-1/2

[Event "Bundesliga 9900"]
[Site "Deutschland"]
[Date "2000.01.29"]
[Round "8.4"]
[White "Gisbrecht, Ewgeni"]
[Black "David, Alberto"]
[Result "1/2-1/2"]
[WhiteElo "2422"]
[BlackElo "2520"]
[PlyCount "48"]
[EventDate "1999.10.09"]
[EventType "team"]
[EventRounds "15"]
[EventCountry "GER"]
[SourceTitle "Bundesliga 9900"]
[Source "DeepChess"]
[SourceDate "2005.01.01"]
[SourceVersion "1"]
[SourceVersionDate "2005.01.01"]
[SourceQuality "1"]
[WhiteTeam "Delmenhorster SK 1931"]
[BlackTeam "Godesberger SK 1929"]
[WhiteTeamCountry "GER"]
[BlackTeamCountry "GER"]

1. Nf3 Nf6 2. c4 g6 3. g3 Bg7 4. Bg2 O-O 5. O-O d6 6. d4 Nc6 7. d5 Na5 8. Nfd2
c5 9. Nc3 a6 10. Qc2 Rb8 11. b3 b5 12. cxb5 axb5 13. Bb2 b4 14. Nd1 Ba6 15. Re1
Rc8 16. Ne3 e5 17. Nec4 Nxc4 18. Nxc4 Bxc4 19. Qxc4 Nd7 20. e4 Nb6 21. Qe2 Bh6
22. a3 c4 23. axb4 cxb3 24. Qd3 Rc4 1/2-1/2